000 00868 a2200217 4500
001 22131
005 20260407155510.0
008 260407a2013 arg spa d
003 AR-UNSa-BCEJYS
040 _aAR-UNSa-BCEJYS
_bspa
_cAR-UNSa-BCEJYS
080 _a343.9
_xCriminología. Criminalística
245 1 0 _aPolítica criminal y gestión de riesgos
_pgenealogìa y crítica
020 _a978-950-894-936-3
264 1 _aBuenos Aires :
_bAD-HOC
_c2013
300 _a160 p.
_c23 cm.
505 _a1. Genealogía del actuarialismo penal - 2. Crítica del actuarialismo penal - 3. Las virtudes de la aleatoriedad
942 _cBK
590 _aniveau_biblio:m niveau_hierar:0
100 1 _aHarcourt, Bernard E.
856 4 1 _uhttps://biblioeco.unsa.edu.ar/pmb/images/libros/Pol?tica Criminal y Gesti?n de Riesgos Genealog?a y Cr?tica.jpg
_yImagen de portada
_qimage/jpeg
999 _c903
_d903